Probability theory /
Guardado en:
| Autor Principal: | |
|---|---|
| Formato: | Libro |
| Idioma: | English German |
| Publicado: |
Reading, Mass. :
Addison-Wesley,
c1965.
|
| Series: | Adiwes international series
|
| Materias: | |
| Etiquetas: |
Agregar Etiqueta
Sin Etiquetas, Sea el primero en etiquetar este registro!
|
| LEADER | 00808cam a22002415a 4500 | ||
|---|---|---|---|
| 001 | MAT.inmabb005149 | ||
| 008 | 840531s1965####mau######b####001#0#eng## | ||
| 005 | 20130311181056.0 | ||
| 245 | 1 | 0 | |a Probability theory / |c by Klaus Krickeberg. |
| 260 | |a Reading, Mass. : |b Addison-Wesley, |c c1965. | ||
| 300 | |a x, 230 p. ; |c 24 cm. | ||
| 440 | 0 | |a Adiwes international series | |
| 500 | |a Traducción de: Wahrscheinlichkeitstheorie. Teubner, 1963. | ||
| 504 | |a Bibliographical references included in "Appendix" (p. [217]-224). | ||
| 510 | 4 | |a MR, |c 33 #6655 | |
| 100 | 1 | |a Krickeberg, Klaus. | |
| 240 | 1 | 0 | |a Wahrscheinlichkeitstheorie. |l Inglés |
| 650 | 0 | |a Probabilities. | |
| 084 | |a 60-01 |2 msc2000 | ||
| 010 | |a 64020830 | ||
| 040 | |a DLC/ICU |c ICU |d DLC | ||
| 041 | 1 | |a eng |h ger | |
| 859 | |h 60 |i K92 |p A-2792 |b BIB. MATEMATICA | ||
